00496nam a22001697a 450000500170000001000150001702000260003203500140005803700130007208200120008510000190009724500570011626000520017327000570022530000210028250000230030320170320142338.0 aENG-117523 a9788171773176c850.00 aEN-101055 bDBAD/PUB a346.048 aSingh, Vandana aThe law geographical indications /cby Vandana Singh aNew DelhibEastern Law House Private Ltd.c2017 a36, Netaji Subhash Marg DaryaganjbNew Delhie110002 a532p.:b22cm(Hb) a Includes index